000 01185nam0a2200361 4500
001 RU\NLR\BIBL_A\022522579
005 20250725171528.0
010 _a978-5-17-170766-8
_92000
021 _aRU
_bКН-П-25-010239
_9КН-П-25-1040
035 _a(NLR Aleph) 022522579
090 _a13458073
_c13458073
100 _a20250415d2025 u y0rusy50 ca
101 0 _arus
102 _aRU
105 _ay|||z|||000ay
181 0 _ai
_bxxxe
182 0 _an
200 1 _aНарушитель границ
_eроман
_fЭмма Райц
203 _aТекст
_bвизуальный
_cнепосредственный
210 _aМосква
_cАСТ
_d2025
215 _a412, [1] с.
_d21
225 1 _aЗакон и беспорядок
311 _a1-я ч. цикла "Фенрир"
320 _aДругие кн. авт. на 2-й с.
333 _a18+
488 0 _12001#$aФенрир$eцикл
686 2 _aШ6(2=Р)8-440.4
700 1 _aРайц
_bЭ.
_cпсевдоним
_gЭмма
_3RU\NLR\AUTH\770278353
942 _cBOOK
980 _aNB